[Event "AUTO-ADV-4859"]
[Site "http://www.queenalice.com/game.php?id=1865214"]
[Date "2025.11.4"]
[Round "3"]
[White "silverado"]
[Black "fbenevides2019"]
[Result "1-0"]
[WhiteElo "2073"]
[BlackElo "1900"]

1. e4 e5 2. Nf3 d6 3. h3 a6 4. b4 b5 5. d4 exd4 6. Qxd4 h6 7. Be3 Nc6 8. Qd5 Bd7
9. c3 Nf6 10. Qd3 Ne5 11. Nxe5 dxe5 12. g4 g5 13. Bg2 c6 14. O-O Be6 15. Qc2 a5
16. bxa5 Qxa5 17. a3 Qc7 18. Rd1 Bd6 19. Nd2 O-O 20. Qb2 Qe7 21. Nb1 Bc5 22.
Bxc5 Qxc5 23. Rd3 Bc4 24. Re3 Rfd8 25. Nd2 Be6 26. Bf1 Rab8 27. Rf3 Nh7 28. Nb3
Qb6 29. Be2 Nf6 30. Rxf6 Kg7 31. Rf3 Qa7 32. Qc2 Qa4 33. Bd1 Bxb3 34. Qxb3 Qxb3
35. Bxb3 f6 36. a4 bxa4 37. Bxa4 c5 38. Bc6 Rbc8 39. Ra7+ Kf8 40. Rxf6+ Kg8 41.
Bd5+ Kh8 42. Rxh6# 1-0

[Event "AUTO-ADV-4859"]
[Site "http://www.queenalice.com/game.php?id=1865215"]
[Date "2025.11.4"]
[Round "3"]
[White "fbenevides2019"]
[Black "silverado"]
[Result "0-1"]
[WhiteElo "1891"]
[BlackElo "2082"]

1. e4 e5 2. Nf3 Nc6 3. a3 a6 4. Bc4 Nf6 5. d3 h6 6. Nc3 Na5 7. Nd2 Nxc4 8. Nxc4
d6 9. h3 c6 10. Be3 c5 11. O-O b5 12. Nd2 Bb7 13. Nf3 Qc7 14. b4 c4 15. dxc4
Qxc4 16. Qd2 Nxe4 17. Nxe4 Qxe4 18. c3 Be7 19. Rfe1 Qg6 20. Qe2 O-O 21. g3 f5
22. Bc1 e4 23. Nd4 d5 24. Kh2 Bd6 25. Bf4 Rac8 26. Bxd6 Qxd6 27. Kg1 Rxc3 28.
Qb2 Rd3 29. Re3 Rxe3 30. fxe3 Qxg3+ 31. Qg2 Qxe3+ 32. Qf2 Qxf2+ 33. Kxf2 f4 34.
Rg1 Rf6 35. h4 e3+ 36. Kf3 h5 37. Rg5 g6 38. Re5 Kf7 39. Rg5 Bc8 40. Rg1 Bg4+
41. Kg2 f3+ 0-1

[Event "AUTO-ADV-4859"]
[Site "http://www.queenalice.com/game.php?id=1865216"]
[Date "2025.11.4"]
[Round "3"]
[White "silverado"]
[Black "IranSilva"]
[Result "1-0"]
[WhiteElo "2011"]
[BlackElo "2231"]

1. e4 e5 2. Nf3 Nc6 3. Nc3 Bc5 4. Nd5 d6 5. c3 a6 6. Bc4 Nf6 7. d3 h6 8. O-O Be6
9. Qb3 Bxd5 10. exd5 Ne7 11. Qxb7 O-O 12. Qb3 a5 13. a4 Rb8 14. Qa2 Nf5 15. Bd2
e4 16. dxe4 Nxe4 17. b4 Nxd2 18. Qxd2 axb4 19. cxb4 Bxb4 20. Qd3 Qf6 21. Ra2 Ba5
22. Bb5 Ne7 23. Rc1 Ng6 24. g3 Ne5 25. Nxe5 Qxe5 26. Re2 Qg5 27. Rc4 Rfe8 28.
Rxe8+ Rxe8 29. Bxe8 Qe5 30. Re4 Qa1+ 31. Kg2 Qa2 32. Bc6 Bb6 33. Re8# 1-0

[Event "AUTO-ADV-4859"]
[Site "http://www.queenalice.com/game.php?id=1865217"]
[Date "2025.11.4"]
[Round "3"]
[White "IranSilva"]
[Black "silverado"]
[Result "0-1"]
[WhiteElo "2203"]
[BlackElo "2036"]

1. Nf3 Nc6 2. g3 e5 3. d3 d5 4. Bg2 Bf5 5. O-O h6 6. Nh4 Bh7 7. Nc3 g5 8. Nf3
Bg7 9. e4 d4 10. Ne2 g4 11. Nd2 b5 12. Nb3 Qe7 13. c3 dxc3 14. bxc3 a5 15. Be3
Qf6 16. d4 a4 17. dxe5 Nxe5 18. Nbd4 Rd8 19. Qb1 c6 20. Nxb5 cxb5 21. Qxb5+ Qc6
22. Qxc6+ Nxc6 23. Rfd1 Rxd1+ 24. Rxd1 Nge7 25. Nd4 Ne5 26. Rb1 O-O 27. Rb4 Ra8
28. Nf5 Nxf5 29. exf5 Nf3+ 30. Bxf3 gxf3 31. Bd4 Bxf5 32. Bxg7 Kxg7 33. Rf4 Bh3
34. Rd4 Re8 35. Rd1 Re2 36. Rc1 Rxa2 37. c4 Rb2 38. c5 a3 0-1

[Event "Challenge"]
[Site "http://www.queenalice.com/game.php?id=1865386"]
[Date "2025.11.10"]
[Round "-"]
[White "jogo"]
[Black "silverado"]
[Result "0-1"]
[WhiteElo "1682"]
[BlackElo "2096"]

1. e4 e5 2. Nf3 Nc6 3. c3 d5 4. exd5 Qxd5 5. c4 Qa5 6. Qe2 Bd6 7. a3 Bg4 8. Nc3
Nd4 9. Qe4 Bxf3 10. gxf3 Nf6 11. Qxb7 O-O 12. Bd3 Rfb8 13. b4 Bxb4 14. axb4 Qxa1
0-1

[Event "AUTO-MASTER-3289"]
[Site "http://www.queenalice.com/game.php?id=1866184"]
[Date "2025.11.26"]
[Round "1"]
[White "cerenzo72"]
[Black "silverado"]
[Result "0-1"]
[WhiteElo "2211"]
[BlackElo "1975"]

1. c4 d5 2. cxd5 Qxd5 3. Nc3 Qa5 4. d4 Bf5 5. Bd2 Qb4 6. Rc1 Qxb2 7. e4 Bxe4 8.
Nxe4 Qxd4 9. Qg4 Nc6 10. Bb5 Qe5 11. Nf3 Qxb5 12. Nc3 Qb4 13. Qg3 O-O-O 14. O-O
Nf6 15. Rfd1 Qg4 16. Qxg4+ Nxg4 17. Bf4 Rxd1+ 18. Rxd1 e5 19. Bg3 Bb4 20. Nd5
Rd8 21. h3 Nf6 22. Ne3 e4 23. Rxd8+ Kxd8 24. Ng5 Bd6 25. Nxf7+ Ke7 26. Nxd6 cxd6
27. Nf5+ Kf7 28. Nxd6+ Ke6 29. Nxb7 Kd5 30. Nd6 g6 31. Kf1 Ne5 32. Nb5 a5 33.
Ke2 Nc4 34. Bc7 Kc6 35. Bd8 Kxb5 36. Bxf6 Kb4 37. Be7+ Kc3 38. f3 exf3+ 39. Kxf3
Kb2 40. a3 a4 41. Kf4 Nxa3 42. Kg5 Nc4 43. Kh6 Ne3 44. g4 Nd5 45. Bc5 Nf4 46. h4
a3 47. Kxh7 a2 48. Kg7 Ne6+ 49. Kxg6 Nxc5 0-1

[Event "AUTO-MASTER-3289"]
[Site "http://www.queenalice.com/game.php?id=1866185"]
[Date "2025.11.26"]
[Round "1"]
[White "silverado"]
[Black "cerenzo72"]
[Result "0-1"]
[WhiteElo "2072"]
[BlackElo "2186"]

1. e4 e5 2. Nf3 d6 3. h3 Nf6 4. Nc3 Be7 5. g4 h6 6. d4 exd4 7. Nxd4 b6 8. f3 Bb7
9. Bb5+ c6 10. Bc4 b5 11. Bb3 Nbd7 12. Nf5 O-O 13. Nxe7+ Qxe7 14. Bf4 d5 15. Qd4
c5 16. Qd2 c4 17. Nxb5 cxb3 18. axb3 Ne8 19. O-O Qc5+ 20. Nd4 dxe4 21. Be3 Qc7
22. f4 Rd8 23. Rxa7 Nb6 24. c4 Nd6 25. Qb4 Ndc8 26. Nb5 Qc6 27. Nd4 Qd7 28. Ra5
Rfe8 29. Nf5 Qc6 30. Qc3 f6 31. Rc5 Qe6 32. Rc7 Rd7 33. Bxb6 Qxb6+ 34. Ne3 Qxc7
35. Ra1 Qxf4 36. Ng2 Qd6 37. Re1 Qc6 38. Re3 Rd3 39. Rxd3 exd3 0-1

[Event "AUTO-MASTER-3289"]
[Site "http://www.queenalice.com/game.php?id=1866198"]
[Date "2025.11.26"]
[Round "1"]
[White "silverado"]
[Black "Guilherme_Ottoni"]
[Result "1/2-1/2"]
[WhiteElo "2061"]
[BlackElo "2224"]

1. e4 c6 2. d4 d5 3. e5 Bf5 4. f3 e6 5. h4 h6 6. g4 Bh7 7. Bg2 Nd7 8. Nc3 c5 9.
Be3 Qc7 10. f4 f6 11. exf6 Ngxf6 12. dxc5 Bxc5 13. Bxc5 Nxc5 14. Qe2 O-O-O 15.
O-O-O Qxf4+ 16. Kb1 Nfe4 17. Nxe4 Nxe4 18. Bxe4 Bxe4 19. Nh3 Qc7 20. Rhe1 Rde8
21. Rd2 Rhf8 22. Ng1 Qc6 23. a3 Kb8 24. Qh2+ Ka8 25. Qe5 g6 26. Qg7 h5 27. gxh5
gxh5 28. Qh6 Rh8 29. Qf6 Rc8 30. Rf2 Bxc2+ 31. Ka1 Bf5 32. Nf3 Qc5 33. Nd4 Rhf8
34. Qe5 Rfe8 35. Rf3 Bg4 36. Rc3 Qe7 37. Rxc8+ Rxc8 38. Nxe6 Bxe6 39. Qxe6 Qxe6
1/2-1/2

[Event "AUTO-MASTER-3289"]
[Site "http://www.queenalice.com/game.php?id=1866199"]
[Date "2025.11.26"]
[Round "1"]
[White "Guilherme_Ottoni"]
[Black "silverado"]
[Result "1-0"]
[WhiteElo "2228"]
[BlackElo "2086"]

1. e4 e5 2. Nf3 Nc6 3. Bb5 Bc5 4. c3 Qf6 5. d4 exd4 6. e5 Nxe5 7. Qe2 c6 8. Ba4
d6 9. cxd4 Bxd4 10. Nxd4 Ne7 11. O-O b5 12. Bc2 a5 13. Nc3 O-O 14. Ne4 Qg6 15.
Ng5 f5 16. f4 h6 17. Nh3 c5 18. Nxb5 N5c6 19. Rd1 d5 20. Nc7 Ra7 21. Nxd5 Nxd5
22. Rxd5 Re7 23. Qf2 Rfe8 24. Rd1 Re2 25. Bb3+ Kh8 26. Qf1 Ba6 27. Bd5 Re1 28.
Rxe1 Bxf1 29. Rxe8+ Qxe8 30. Bxc6 Qxc6 31. Kxf1 a4 32. b3 c4 33. bxa4 Qxa4 34.
Be3 c3 35. Rc1 Qc4+ 36. Ke1 Qxa2 37. Nf2 g6 38. Bd4+ Kg8 39. Bxc3 Qa3 40. Kd2
Qd6+ 41. Nd3 Qd5 42. Rg1 g5 43. g3 g4 44. Re1 Kf7 45. Re5 Qd7 46. Bb4 1-0

[Event "AUTO-MASTER-3289"]
[Site "http://www.queenalice.com/game.php?id=1866200"]
[Date "2025.11.26"]
[Round "1"]
[White "silverado"]
[Black "Fredo"]
[Result "0-1"]
[WhiteElo "1986"]
[BlackElo "2101"]

1. e4 c5 2. c4 Nc6 3. Nf3 d6 4. Bd3 e5 5. h3 Nf6 6. Nc3 Be7 7. O-O O-O 8. Nd5
Nxd5 9. exd5 Nb8 10. a3 f5 11. Nh2 e4 12. Bc2 Nd7 13. f4 exf3 14. Qxf3 Ne5 15.
Qc3 Bf6 16. Bxf5 Bxf5 17. Rxf5 Qd7 18. Qc2 Rae8 19. g4 Ng6 20. Nf3 Nh4 21. Nxh4
Bxh4 22. Rxf8+ Rxf8 23. d3 Qf7 24. Be3 Qf3 25. Qd2 Qxh3 26. Qe2 Rf3 27. Bf2
Qxg4+ 28. Kh1 Rh3# 0-1

[Event "AUTO-MASTER-3289"]
[Site "http://www.queenalice.com/game.php?id=1866201"]
[Date "2025.11.26"]
[Round "1"]
[White "Fredo"]
[Black "silverado"]
[Result "0-1"]
[WhiteElo "2144"]
[BlackElo "1963"]

1. e4 e5 2. Nf3 Nc6 3. Bb5 d6 4. O-O Bd7 5. c3 a6 6. Ba4 b5 7. Bc2 h6 8. d4 exd4
9. cxd4 Nb4 10. Bb3 Nf6 11. Nc3 g5 12. Nxg5 hxg5 13. Bxg5 Be7 14. Qf3 c6 15. e5
dxe5 16. dxe5 Nfd5 17. Bd2 Be6 18. a3 Nxc3 19. Bxe6 fxe6 20. axb4 Nd5 21. Rad1
Qc7 22. Bc3 O-O-O 23. Rd3 Bxb4 24. Bxb4 Qxe5 25. Qf7 Qxh2# 0-1

[Event "AUTO-OPEN-4627"]
[Site "http://www.queenalice.com/game.php?id=1866263"]
[Date "2025.11.28"]
[Round "1"]
[White "pomar"]
[Black "silverado"]
[Result "0-1"]
[WhiteElo "1919"]
[BlackElo "2000"]

1. f3 e5 2. Kf2 d5 3. g3 d4 4. c3 dxc3 5. bxc3 f6 6. Bh3 f5 7. Bb2 Nc6 8. Qb3
Nh6 9. d3 Bc5+ 10. Kg2 Qg5 11. Na3 Qe3 12. Rf1 a6 13. Nc4 Qg5 14. e4 f4 15. Bxc8
Rxc8 16. Nh3 Qg6 17. Nf2 fxg3 18. hxg3 b5 19. Na3 Na5 20. Qd1 O-O 21. c4 bxc4
22. Nxc4 Nxc4 23. dxc4 Rcd8 24. Qa4 Rd2 25. Bxe5 Bxf2 26. Rxf2 Rxf2+ 27. Kxf2
Qxe4 28. Qb3 Ng4+ 29. Kg2 Ne3+ 30. Kf2 Qxf3+ 31. Ke1 Qf2# 0-1

[Event "AUTO-OPEN-4627"]
[Site "http://www.queenalice.com/game.php?id=1866287"]
[Date "2025.11.28"]
[Round "1"]
[White "silverado"]
[Black "chessman"]
[Result "0-1"]
[WhiteElo "2076"]
[BlackElo "2078"]

1. e4 e6 2. d4 d5 3. e5 c5 4. Nf3 cxd4 5. Qxd4 Nc6 6. Bb5 Bd7 7. Bxc6 Bxc6 8. a3
Ne7 9. Bg5 Qc7 10. Qf4 Ng6 11. Qg3 Be7 12. Bxe7 Qxe7 13. Nd4 O-O 14. O-O Rac8
15. Nc3 Qc5 16. Nxc6 Rxc6 17. b4 Qxc3 18. Qxc3 Rxc3 19. Ra2 Nxe5 20. f4 Nc4 21.
a4 Rc8 22. Rf2 Ne3 23. g3 Nxc2 24. b5 Ne3 25. Rf3 Rc1+ 26. Kf2 Ng4+ 27. Kg2
R8c2+ 28. Rxc2 Rxc2+ 29. Kh3 Rxh2+ 30. Kxg4 f5+ 31. Kg5 Kf7 0-1

[Event "AUTO-OPEN-4627"]
[Site "http://www.queenalice.com/game.php?id=1866288"]
[Date "2025.11.28"]
[Round "1"]
[White "chessman"]
[Black "silverado"]
[Result "1-0"]
[WhiteElo "2094"]
[BlackElo "2060"]

1. e4 e5 2. Nf3 Nc6 3. Bc4 Nf6 4. d3 h6 5. O-O Bc5 6. h3 b6 7. c3 Nh5 8. Bxf7+
Kxf7 9. Nxe5+ Nxe5 10. Qxh5+ Ke6 11. d4 Bd6 12. Qf5+ Ke7 13. dxe5 Bc5 14. b4 d6
15. Qh5 dxe5 16. Qxe5+ Kf7 17. bxc5 bxc5 18. Qxc5 Be6 19. Nd2 g6 20. Nf3 Kg7 21.
Be3 Re8 22. Bd4+ Kh7 23. Rad1 Bd7 24. Ne5 Qc8 25. Nxd7 Qxd7 26. e5 Rec8 27. Rfe1
Qe6 28. a4 a5 29. Rb1 Ra6 30. Rb7 Rc6 31. Qxa5 Kg8 32. Qb5 1-0

[Event "AUTO-OPEN-4627"]
[Site "http://www.queenalice.com/game.php?id=1866289"]
[Date "2025.11.28"]
[Round "1"]
[White "silverado"]
[Black "jpribeiro"]
[Result "1-0"]
[WhiteElo "2068"]
[BlackElo "1397"]

1. e4 c5 2. c4 d6 3. g3 e5 4. g4 Nf6 5. f3 Nc6 6. Ne2 Be7 7. Nbc3 O-O 8. Bg2 Nb4
9. O-O Be6 10. d3 a6 11. a3 Nc6 12. h3 h6 13. f4 exf4 14. Nxf4 Bd7 15. Be3 1-0

[Event "AUTO-OPEN-4627"]
[Site "http://www.queenalice.com/game.php?id=1866290"]
[Date "2025.11.28"]
[Round "1"]
[White "jpribeiro"]
[Black "silverado"]
[Result "0-1"]
[WhiteElo "1395"]
[BlackElo "2070"]

1. e4 e5 2. Nf3 Nc6 3. c3 a6 4. d4 exd4 5. cxd4 d5 6. exd5 Qxd5 7. Nc3 Bb4 8. a3
Bxc3+ 9. bxc3 Qe4+ 10. Qe2 Qxe2+ 11. Bxe2 f6 12. Bf4 Kd8 0-1

[Event "Challenge"]
[Site "http://www.queenalice.com/game.php?id=1866471"]
[Date "2025.12.3"]
[Round "-"]
[White "silverado"]
[Black "jogo"]
[Result "0-1"]
[WhiteElo "2001"]
[BlackElo "1913"]

1. e4 e5 2. Nf3 Nf6 3. Nc3 d6 4. h3 c5 5. a4 Be7 6. a5 O-O 7. b3 a6 8. Bc4 Nxe4
9. Nxe4 d5 10. Bxd5 Qxd5 11. Nc3 Qc6 12. O-O e4 13. Nxe4 Qxe4 14. d3 Qc6 15. Ne5
Qf6 16. Bb2 Bd6 0-1

[Event "Challenge"]
[Site "http://www.queenalice.com/game.php?id=1866739"]
[Date "2025.12.7"]
[Round "-"]
[White "silverado"]
[Black "jogo"]
[Result "0-1"]
[WhiteElo "2022"]
[BlackElo "1892"]

1. e4 c5 2. d4 cxd4 3. Qxd4 Nc6 4. Qd3 d6 5. h3 Ne5 6. Qb5+ Nc6 7. c3 Nf6 8. f3
a6 9. Qa4 Bd7 10. Qa3 h6 11. b4 Qb6 12. b5 Ne5 0-1